Statistiques concernant Dévine la ville ou Village

Cliquez ici pour prendre le quiz!

Statistiques générales

  • Ce quiz a été pris 16 fois
  • Le résultat moyen est 4 sur 15

Statistiques - réponses

HintRéponse% Correct
Tour Eiffel, LouvreParis
100%
Mont Royal , Les CanadiensMontréal
92%
Lincoln Memorial, Maison-BlancheWashington
75%
Parlement d'Australie, Lac Burley GriffinCanberra
42%
La Scala, Château des SforzaMilan
42%
Raptors, Blue JaysToronto
33%
Installation Vigeland, Citadelle d'AkershusOslo
17%
Musée Karen Blixen, Giraffe CentreNairobi
8%
Musée Botero, Cerro de MontserrateBogota
0%
Römer, Goethe-HausFrancfort-sur-le-Main
0%
Ancol Dreamland, Dunia FantasiJakarta
0%
Loma de Tiscapa , Puerto Salvador AllendeManagua
0%
Aquarium Kaiyukan, DōtonboriOsaka
0%
Mount Akhum, Cascadas de AguraSotchi
0%
Patuxai, Pha That LuangVientane
0%

Distribution des résultats

Percentile par nombre de réponses

% des personnes avec chaque résultat

Votre développement - résultats

Vous n’avez pas pris ce quiz